00393nam a2200157Ia 4500003000400000005001700004008004100021040000700062041000800069082002100077100001700098245005200115260004800167300000700215365001300222OSt20230602082608.0210423s2003 xx 000 0 und d cAL aeng a302.2 223bGUPH aGUPTA (V S). aHandbook of reporting and communication skills. aNew DelhibConcept publishing companyc2003 bHB b450cINR